000 00547nam a22002297a 4500
003 UA-OsUOA
001 60728
007 ta
008 20090602b un ||||| |||| 00| 0 ukr d
090 _a82-94
942 _cBK
040 _aUA-OsUOA
_beng
_cUA-OsUOA
_dUA-OsUOA
245 _aDay and eternity of James Mace
300 _a386 p.
955 _a2
041 _aeng
080 _a82-94
020 _a966-8152-06-9
260 _aК.
_b[w.p.]
_c2005
650 7 _a82 Література. Літературознавство
_2UDC
999 _c346658
_d346658